000 00402nam a2200145 i 4500
001 bg
100 1 _aVISNJAKOV, B. A.
245 0 _aElektronno-lucevoj metod polucenija tonkich plenok iz chimiceskich soedinenij /
_cB.A. Vinsjakov, K.A. Osipov.
260 _aMoskva,
_c1970.
700 1 _aOSIPOV, K. A.
040 _cBPK
041 _apol
942 _cKS
008 s pl f |000 0 pol
999 _c26675
_d26675
856 _uhttp://koha.tu.koszalin.pl/cgi-bin/koha/opac-detail.pl?biblionumber=26675
_yKatalog online BPK